| 000 | 01461nam a2200313 i 4500 | ||
|---|---|---|---|
| 003 | EG-GICUC | ||
| 005 | 20260408171645.0 | ||
| 008 | 260124s1992 ua ||||fq|||| 00| 0 ara d | ||
| 040 |
_a EG-GICUC _bara _c EG-GICUC _d EG-GICUC _erda |
||
| 041 | _aara | ||
| 082 | 0 | 4 |
_221 _a343.393073 _bغ ن . م |
| 092 | 0 | 4 | _221 |
| 099 | _aLaw1 10 343.393073 غ ن . م 1992 | ||
| 100 | 0 |
_aغنام محمد غنام _eمؤلف. |
|
| 245 | 1 | 0 |
_aمفاوضات الاعتراف بين المتهم والنيابة العامة " فى القانون الأمريكى " / _cغنام محمد غنام. |
| 264 | 1 |
_aالمنصورة : _bجامعة المنصورة، _c1992. |
|
| 300 |
_a95 صفحة، صفحات غير مرقمة ؛ _c24 سم. |
||
| 336 |
_2rda content _atext |
||
| 337 |
_2rda media _aComputer |
||
| 338 |
_2rda carrier _aOnline Resource |
||
| 500 | _aبحث مستخرج من مجلة البحوث القانونية والاقتصادية العدد الثاني عشر - أكتوبر 1992. مجلة مفصلية محكمة يصدرها أساتذة كلية الحقوق جامعة المنصورة. | ||
| 504 | _aيشتمل على إرجاعات ببليوجرافية. | ||
| 546 | _aالنص باللغة العربية | ||
| 650 | 1 | _aالقانون الجنائي | |
| 650 | 1 |
_aالإعتراف _zالولايات المتحدة |
|
| 856 | 4 | 0 | _uhttps://fll.law.cu.edu.eg/fulltext/bks/B10-06085.pdf |
| 905 | _a62 | ||
| 942 |
_2ddc _n0 _cBK _e21 |
||
| 999 |
_c59148 _d59148 |
||